[Event "Titled Tuesday intern op 02nd Mar"]
[Site "Chess.com INT"]
[Date "2021.03.02"]
[Round "2"]
[White "Nayem, Haque"]
[Black "Leruste, Georges"]
[Result "0-1"]
[WhiteElo "2040"]
[BlackElo "2193"]
[PlyCount "94"]
[EventDate "2021.03.02"]
[EventType "swiss (blitz)"]
[EventRounds "11"]
[EventCountry "USA"]
[SourceTitle "CBM 201 Extra"]
[Source "ChessBase"]
[SourceDate "2021.05.31"]
[SourceVersion "1"]
[SourceVersionDate "2021.05.31"]
[SourceQuality "1"]

1. d4 c5 2. c3 Nf6 3. Nf3 d5 4. Bf4 cxd4 5. cxd4 Qb6 6. Nc3 Qxb2 7. Rc1 e6 8. Nxd5 Na6 9. Nxf6+ gxf6 10. e3 Bd7 11. Rc2 Qb6 12. Nd2 Bb4 13. Bd3 Bc6 14. 0-0 Rg8 15. Bg3 Bxd2 16. Rxd2 Nb4 17. Rb2 Qa5 18. Qd2 Qd5 19. e4 Qxd4 20. Rxb4 Qd7 21. Qc2 Rd8 22. Be2 Qe7 23. Rc4 e5 24. Bh4 Rg6 25. Rd1 Rxd1+ 26. Qxd1 Qe6 27. Bg3 f5 28. exf5 Qxf5 29. Bd3 e4 30. Bc2 Qe6 31. Rd4 f5 32. Rd8+ Kf7 33. Qd2 e3 34. Qd1 e2 35. Qe1 f4 36. Rd2 fxg3 37. Rxe2 gxh2+ 38. Kh1 Bxg2+ 39. Kxh2 Qd6+ 40. Kg1 Bf3+ 41. Kf1 Bxe2+ 42. Qxe2 Rf6 43. Qh5+ Kf8 44. Ba4 Qa6+ 45. Bb5 Qd6 46. Qe8+ Kg7 47. Qe2 Qf4 0-1

[Event "Titled Tuesday intern op 02nd Mar"]
[Site "Chess.com INT"]
[Date "2021.03.02"]
[Round "6"]
[White "Pert, Richard G"]
[Black "Leruste, Georges"]
[Result "1-0"]
[WhiteElo "2416"]
[BlackElo "2193"]
[PlyCount "59"]
[EventDate "2021.03.02"]
[EventType "swiss (blitz)"]
[EventRounds "11"]
[EventCountry "USA"]
[SourceTitle "CBM 201 Extra"]
[Source "ChessBase"]
[SourceDate "2021.05.31"]
[SourceVersion "1"]
[SourceVersionDate "2021.05.31"]
[SourceQuality "1"]

1. d4 c5 2. d5 d6 3. Nc3 Nf6 4. e4 e6 5. Bg5 Be7 6. Bb5+ Bd7 7. dxe6 fxe6 8. e5 Bxb5 9. exf6 gxf6 10. Qh5+ Kd7 11. Bf4 Bc6 12. 0-0-0 e5 13. Be3 Qg8 14. Nf3 Qxg2 15. Nxe5+ fxe5 16. Qxe5 Re8 17. Rhg1 Qf3 18. Bxc5 Qf8 19. Qd4 Kc7 20. Ba3 Nd7 21. Rg7 Rad8 22. Rxe7 Rxe7 23. Bxd6+ Kc8 24. Qxa7 Qf3 25. Qa8+ Nb8 26. Qxb8+ Kd7 27. Qc7+ Ke6 28. Qxe7+ Kf5 29. Qe5+ Kg6 30. Rg1+ 1-0

[Event "Titled Tuesday intern op 23rd Feb"]
[Site "Chess.com INT"]
[Date "2021.02.23"]
[Round "7"]
[White "Leruste, Georges"]
[Black "Vivas Zamora, Fabian Ernesto"]
[Result "1-0"]
[WhiteElo "2193"]
[BlackElo "2344"]
[PlyCount "45"]
[EventDate "2021.02.23"]
[EventType "swiss (blitz)"]
[EventRounds "11"]
[EventCountry "USA"]
[SourceTitle "CBM 200 Extra"]
[Source "ChessBase"]
[SourceDate "2021.03.31"]
[SourceVersion "1"]
[SourceVersionDate "2021.03.31"]
[SourceQuality "1"]

1. d4 Nf6 2. Nc3 d5 3. Bf4 a6 4. e3 e6 5. g4 Bb4 6. Nge2 c5 7. dxc5 Ne4 8. Qd4 Bxc3+ 9. Nxc3 0-0 10. Nxe4 Nc6 11. Qc3 dxe4 12. Bg2 e5 13. Bg3 Bxg4 14. Bxe4 Bh3 15. Rg1 Qf6 16. 0-0-0 Rad8 17. Rxd8 Rxd8 18. f4 Kf8 19. fxe5 Qe6 20. Kb1 h6 21. a3 Qg4 22. Bd3 Qf3 23. e6 1-0

[Event "Titled Tuesday intern op 23rd Feb"]
[Site "Chess.com INT"]
[Date "2021.02.23"]
[Round "6"]
[White "Maly, Alexey"]
[Black "Leruste, Georges"]
[Result "1-0"]
[WhiteElo "2371"]
[BlackElo "2193"]
[PlyCount "73"]
[EventDate "2021.02.23"]
[EventType "swiss (blitz)"]
[EventRounds "11"]
[EventCountry "USA"]
[SourceTitle "CBM 200 Extra"]
[Source "ChessBase"]
[SourceDate "2021.03.31"]
[SourceVersion "1"]
[SourceVersionDate "2021.03.31"]
[SourceQuality "1"]

1. d4 c5 2. d5 d6 3. c4 e5 4. e4 Be7 5. Nf3 Nd7 6. Nc3 a6 7. a4 Nf8 8. Bd3 Ng6 9. g3 h6 10. h3 Bd7 11. Be3 Qc8 12. h4 Bd8 13. Kf1 Nf6 14. Nh2 Ne7 15. f3 Nh5 16. Kf2 Ng6 17. Ne2 0-0 18. Qc2 Be7 19. b3 Qd8 20. Nf1 Qc8 21. Kg2 Rb8 22. Rc1 Qd8 23. Bd2 Kh8 24. Ne3 b5 25. axb5 axb5 26. Nf5 bxc4 27. bxc4 Rg8 28. Be3 Bf8 29. Qd2 Kh7 30. Rb1 Rxb1 31. Rxb1 Ne7 32. Nxd6 g6 33. Bxc5 Rg7 34. Rb7 Nc8 35. Qb4 Nxd6 36. Bxd6 Bxd6 37. Qxd6 1-0

[Event "Titled Tuesday intern op 23rd Feb"]
[Site "Chess.com INT"]
[Date "2021.02.23"]
[Round "8"]
[White "Necula, Iulian"]
[Black "Leruste, Georges"]
[Result "0-1"]
[WhiteElo "1890"]
[BlackElo "2193"]
[PlyCount "44"]
[EventDate "2021.02.23"]
[EventType "swiss (blitz)"]
[EventRounds "11"]
[EventCountry "USA"]
[SourceTitle "CBM 200 Extra"]
[Source "ChessBase"]
[SourceDate "2021.03.31"]
[SourceVersion "1"]
[SourceVersionDate "2021.03.31"]
[SourceQuality "1"]

1. f4 g6 2. Nf3 Bg7 3. g3 d6 4. Bg2 e5 5. 0-0 Ne7 6. fxe5 dxe5 7. e4 0-0 8. d3 Nbc6 9. c3 h6 10. Be3 f5 11. Qc2 f4 12. Bf2 g5 13. d4 g4 14. Nxe5 Nxe5 15. dxe5 f3 16. Bh1 Ng6 17. Rd1 Qe7 18. Na3 Nxe5 19. Rd2 Be6 20. Rad1 Rad8 21. b3 Rxd2 22. Rxd2 Qxa3 0-1

[Event "Titled Tuesday intern op 23rd Feb"]
[Site "Chess.com INT"]
[Date "2021.02.23"]
[Round "9"]
[White "Pantzar, Milton"]
[Black "Leruste, Georges"]
[Result "1-0"]
[WhiteElo "2421"]
[BlackElo "2193"]
[PlyCount "109"]
[EventDate "2021.02.23"]
[EventType "swiss (blitz)"]
[EventRounds "11"]
[EventCountry "USA"]
[SourceTitle "CBM 200 Extra"]
[Source "ChessBase"]
[SourceDate "2021.03.31"]
[SourceVersion "1"]
[SourceVersionDate "2021.03.31"]
[SourceQuality "1"]

1. d4 c5 2. d5 d6 3. c4 e5 4. Nc3 Be7 5. e4 Bg5 6. Nf3 Bxc1 7. Rxc1 Ne7 8. Be2 Ng6 9. 0-0 0-0 10. a3 a6 11. b4 Nd7 12. Ne1 a5 13. bxa5 Rxa5 14. a4 Nf4 15. Rb1 Nf6 16. g3 Ng6 17. Ng2 Qe7 18. Qd2 Ra8 19. Rb6 Nd7 20. Rb2 Nb8 21. h4 h6 22. Ne3 Na6 23. Na2 Kh7 24. Bg4 Bxg4 25. Nxg4 f5 26. exf5 Rxf5 27. Rfb1 Nxh4 28. gxh4 Qxh4 29. Ne3 Rg5+ 30. Kf1 Rf8 31. Rxb7 Qh1+ 32. Ke2 Qf3+ 33. Ke1 Rg1+ 34. Nf1 Qe4+ 35. Qe3 Qg2 36. Qe2 Rf4 37. Nc3 Nb4 38. R1xb4 cxb4 39. Rxb4 Rd4 40. a5 Qg5 41. Rb1 Qf5 42. Rd1 Rxd1+ 43. Nxd1 e4 44. Nde3 Qe5 45. Qd2 Qa1+ 46. Ke2 Qa4 47. Qc3 Qa2+ 48. Qc2 Qa1 49. Qxe4+ Kh8 50. Qe8+ Kh7 51. Qe4+ Kh8 52. Qe6 Qb2+ 53. Kf3 Rg5 54. Qxd6 Qd4 55. Ng3 1-0

[Event "Titled Tuesday intern op 16th Feb"]
[Site "Chess.com INT"]
[Date "2021.02.16"]
[Round "2"]
[White "Leruste, Georges"]
[Black "Duneas, John"]
[Result "0-1"]
[WhiteElo "2193"]
[BlackElo "2147"]
[PlyCount "114"]
[EventDate "2021.02.16"]
[EventType "swiss (blitz)"]
[EventRounds "11"]
[EventCountry "USA"]
[SourceTitle "EXT 2022"]
[Source "ChessBase"]
[SourceDate "2021.10.06"]
[SourceVersion "1"]
[SourceVersionDate "2021.10.06"]
[SourceQuality "1"]

1. d4 e6 2. Nc3 f5 3. e4 fxe4 4. Nxe4 Be7 5. Bd3 Nf6 6. Nf3 0-0 7. Qe2 d6 8. Bd2 Nc6 9. c3 Bd7 10. 0-0-0 a5 11. Neg5 Qc8 12. h4 a4 13. g4 e5 14. dxe5 dxe5 15. Bc4+ Kh8 16. Nxe5 Nxe5 17. Qxe5 Bd6 18. Qe2 Bxg4 19. f3 Bh5 20. Rdf1 a3 21. b3 Qf5 22. Bd3 Qe5 23. Qxe5 Bxe5 24. f4 Bd6 25. Rhg1 Rae8 26. Kc2 h6 27. Nf3 Nd5 28. Nd4 Ne3+ 29. Bxe3 Rxe3 30. Nf5 Rxd3 31. Kxd3 Rxf5 32. Ke4 Rf6 33. f5 Bf7 34. Rd1 c6 35. Rgf1 Bd5+ 36. Kd3 Bg3 37. h5 Rd6 38. Ke3 Rf6 39. c4 Bf7 40. Rd8+ Kh7 41. Rd7 Bxh5 42. Rxb7 Bd6 43. Ke4 Be8 44. Rg1 Bf8 45. Rb8 Bd7 46. b4 Bxf5+ 47. Ke5 Bd6+ 48. Kd4 Bxb8 49. b5 Ba7+ 50. c5 cxb5 51. Rc1 Rd6+ 52. Ke5 Rc6 53. Kd5 Rxc5+ 54. Rxc5 Bxc5 55. Kxc5 Be6 56. Kxb5 Bxa2 57. Kb4 Bb1 0-1

[Event "Titled Tuesday intern op 16th Feb"]
[Site "Chess.com INT"]
[Date "2021.02.16"]
[Round "6"]
[White "Manafov, Vugar Gulam"]
[Black "Leruste, Georges"]
[Result "1-0"]
[WhiteElo "2236"]
[BlackElo "2193"]
[PlyCount "65"]
[EventDate "2021.02.16"]
[EventType "swiss (blitz)"]
[EventRounds "11"]
[EventCountry "USA"]
[SourceTitle "EXT 2022"]
[Source "ChessBase"]
[SourceDate "2021.10.06"]
[SourceVersion "1"]
[SourceVersionDate "2021.10.06"]
[SourceQuality "1"]

1. Nf3 g6 2. g3 Bg7 3. Bg2 e5 4. 0-0 Ne7 5. e4 0-0 6. Nc3 d6 7. d3 Nbc6 8. Nd2 f5 9. f4 Nd4 10. Nc4 Be6 11. Ne3 c6 12. exf5 Nexf5 13. fxe5 Bxe5 14. Ne4 Kh8 15. c3 Nxe3 16. Rxf8+ Qxf8 17. Bxe3 Nf5 18. Bd2 Bg7 19. Qc2 Re8 20. Rf1 Qe7 21. Bg5 Qd7 22. Nf6 Bxf6 23. Bxf6+ Kg8 24. Qd2 Rf8 25. Bg5 Ng7 26. Rxf8+ Kxf8 27. Qf2+ Qf7 28. Qxa7 Qf5 29. Qb8+ Ne8 30. Bh6+ Ke7 31. Qxb7+ Bd7 32. h4 Qxd3 33. Bg5+ 1-0

[Event "Titled Tuesday intern op 16th Feb"]
[Site "Chess.com INT"]
[Date "2021.02.16"]
[Round "11"]
[White "Stoyanov, Tsvetan"]
[Black "Leruste, Georges"]
[Result "0-1"]
[WhiteElo "2388"]
[BlackElo "2193"]
[PlyCount "44"]
[EventDate "2021.02.16"]
[EventType "swiss (blitz)"]
[EventRounds "11"]
[EventCountry "USA"]
[SourceTitle "EXT 2022"]
[Source "ChessBase"]
[SourceDate "2021.10.06"]
[SourceVersion "1"]
[SourceVersionDate "2021.10.06"]
[SourceQuality "1"]

1. e4 e5 2. Nf3 Nf6 3. Nc3 Nc6 4. d4 Bb4 5. Nxe5 0-0 6. Nxc6 dxc6 7. e5 Ne4 8. Qd3 Bf5 9. Qe3 c5 10. d5 Qxd5 11. f3 Nxc3 12. bxc3 Ba5 13. Bd2 Rfe8 14. f4 Bxc2 15. Kf2 Rad8 16. Be1 c4 17. Kg3 Re6 18. h4 Bb6 19. Qc1 Rg6+ 20. Kh2 Bd3 21. Qd2 Be3 22. Qxe3 Bxf1 0-1

[Event "Cappelle op 33rd"]
[Site "Cappelle la Grande"]
[Date "2017.02.24"]
[Round "8"]
[White "Leruste, Georges"]
[Black "Szylar, Eric"]
[Result "1/2-1/2"]
[WhiteElo "2179"]
[BlackElo "2026"]
[PlyCount "51"]
[EventDate "2017.02.18"]
[EventType "swiss"]
[EventRounds "9"]
[EventCountry "FRA"]
[SourceTitle "CBM 177 Extra"]
[Source "ChessBase"]
[SourceDate "2017.04.27"]
[SourceVersion "1"]
[SourceVersionDate "2017.04.27"]
[SourceQuality "1"]

1. d4 Nf6 2. Bf4 d6 3. Nc3 g6 4. e4 Bg7 5. Qd2 c6 6. Bh6 Bxh6 7. Qxh6 b5 8. Bd3 b4 9. Nce2 Qa5 10. Qd2 Qb6 11. Nf3 Nbd7 12. 0-0 e5 13. c3 bxc3 14. bxc3 Qa5 15. Qh6 Ba6 16. Bxa6 Qxa6 17. Ng3 Rb8 18. Ng5 Ke7 19. f4 Qa5 20. fxe5 dxe5 21. Rf3 Rb2 22. a4 exd4 23. Raf1 dxc3 24. e5 Qxe5 25. N3e4 c2 26. Qg7 1/2-1/2

[Event "Cappelle op 33rd"]
[Site "Cappelle la Grande"]
[Date "2017.02.22"]
[Round "6"]
[White "Leruste, Georges"]
[Black "Fejzovski, Enver"]
[Result "1-0"]
[WhiteElo "2179"]
[BlackElo "2035"]
[PlyCount "83"]
[EventDate "2017.02.18"]
[EventType "swiss"]
[EventRounds "9"]
[EventCountry "FRA"]
[SourceTitle "CBM 177 Extra"]
[Source "ChessBase"]
[SourceDate "2017.04.27"]
[SourceVersion "1"]
[SourceVersionDate "2017.04.27"]
[SourceQuality "1"]

1. d4 c5 2. d5 e5 3. e4 d6 4. Nf3 a6 5. a4 Be7 6. Be2 Nd7 7. Nc3 h6 8. Nd2 Ngf6 9. Nc4 0-0 10. 0-0 Ne8 11. g3 Bg5 12. f4 exf4 13. gxf4 Bf6 14. Kh1 Bd4 15. Bf3 f5 16. Ne2 fxe4 17. Nxd4 exf3 18. Ne6 Qh4 19. Nxf8 Kxf8 20. Qxf3 Ndf6 21. Ne3 Ng4 22. Qg3 Qh5 23. f5 Ne5 24. Bd2 Nf6 25. Qg2 Bd7 26. Bc3 Re8 27. b3 b5 28. axb5 Bxb5 29. Rf2 Neg4 30. Nxg4 Nxg4 31. Rd2 Re3 32. Rg1 Rxc3 33. Qxg4 Qxg4 34. Rxg4 Re3 35. Rg6 h5 36. Rxd6 h4 37. Kg1 Re1+ 38. Kf2 Rf1+ 39. Kg2 h3+ 40. Kg3 Ke7 41. Re6+ Kd7 42. c4 1-0

[Event "Cappelle op 33rd"]
[Site "Cappelle la Grande"]
[Date "2017.02.21"]
[Round "5"]
[White "Degraeve, Jean Marc"]
[Black "Leruste, Georges"]
[Result "1-0"]
[WhiteElo "2593"]
[BlackElo "2179"]
[PlyCount "83"]
[EventDate "2017.02.18"]
[EventType "swiss"]
[EventRounds "9"]
[EventCountry "FRA"]
[SourceTitle "CBM 177 Extra"]
[Source "ChessBase"]
[SourceDate "2017.04.27"]
[SourceVersion "1"]
[SourceVersionDate "2017.04.27"]
[SourceQuality "1"]

1. e4 e5 2. Nf3 Nf6 3. Nxe5 Nxe4 4. Qe2 Qe7 5. Qxe4 d6 6. d4 dxe5 7. dxe5 Nc6 8. Bb5 Bd7 9. Nc3 0-0-0 10. Bf4 Qb4 11. 0-0-0 Qxe4 12. Nxe4 Nxe5 13. Bxd7+ Nxd7 14. Ng5 Be7 15. Nxf7 Rdf8 16. Nxh8 Rxf4 17. Rhe1 Kd8 18. Re6 Rf8 19. Ng6 hxg6 20. Rxg6 Bf6 21. h4 Kc8 22. Rg4 Re8 23. Rf1 b5 24. a4 a6 25. axb5 axb5 26. h5 c6 27. f4 Nb6 28. Rg6 Nd5 29. g4 Kd7 30. g5 Bd4 31. Rd1 Be3+ 32. Kb1 Bxf4 33. Rxg7+ Kd6 34. h6 Rh8 35. Rh1 Be5 36. Rg6+ Kd7 37. h7 Ne7 38. Rd1+ Nd5 39. Re1 Bd4 40. c3 Bc5 41. Rg7+ Ne7 42. g6 1-0

[Event "Cappelle op 33rd"]
[Site "Cappelle la Grande"]
[Date "2017.02.20"]
[Round "3"]
[White "Angermuende, Dirk"]
[Black "Leruste, Georges"]
[Result "0-1"]
[WhiteElo "2004"]
[BlackElo "2179"]
[PlyCount "94"]
[EventDate "2017.02.18"]
[EventType "swiss"]
[EventRounds "9"]
[EventCountry "FRA"]
[SourceTitle "CBM 177 Extra"]
[Source "ChessBase"]
[SourceDate "2017.04.27"]
[SourceVersion "1"]
[SourceVersionDate "2017.04.27"]
[SourceQuality "1"]

1. e4 g6 2. d4 Bg7 3. Nf3 Nf6 4. Nc3 d5 5. exd5 Nxd5 6. Nxd5 Qxd5 7. Be2 0-0 8. 0-0 c5 9. Be3 Nc6 10. c4 Qd6 11. d5 Ne5 12. Qd2 Bf5 13. Rad1 Rad8 14. Bf4 Nxf3+ 15. Bxf3 Qb6 16. b3 a5 17. Rfe1 Rfe8 18. Be5 Qb4 19. Bxg7 Kxg7 20. h3 Kg8 21. Re3 Qxd2 22. Rxd2 Rd6 23. Be4 Bd7 24. Bc2 e6 25. Rde2 Kf8 26. dxe6 Rdxe6 27. Rxe6 Rxe6 28. Rxe6 Bxe6 29. Kf1 Ke7 30. Ke2 Kd6 31. Ke3 h6 32. h4 g5 33. hxg5 hxg5 34. f4 f6 35. f5 Bd7 36. g4 Ke5 37. Be4 b5 38. Bd3 b4 39. Be4 a4 40. Bd5 a3 41. Be4 Be8 42. Bd5 Ba4 43. bxa4 b3 44. a5 bxa2 45. a6 a1Q 46. a7 Qe1+ 47. Kd3 Qa5 0-1

[Event "Cappelle op 30th"]
[Site "Cappelle la Grande"]
[Date "2014.03.01"]
[Round "1"]
[White "Leruste, Georges"]
[Black "Bykhovsky, Avigdor"]
[Result "0-1"]
[WhiteElo "2179"]
[BlackElo "2421"]
[PlyCount "80"]
[EventDate "2014.03.01"]
[EventType "swiss"]
[EventRounds "9"]
[EventCountry "FRA"]
[SourceTitle "CBM 159 Extra"]
[Source "ChessBase"]
[SourceDate "2014.04.24"]
[SourceVersion "1"]
[SourceVersionDate "2014.04.24"]
[SourceQuality "1"]

1. Nf3 d5 2. g3 c6 3. Bg2 Bf5 4. 0-0 e6 5. d3 h6 6. c4 Nf6 7. cxd5 exd5 8. Nc3 Be7 9. Qb3 Qb6 10. e4 Qxb3 11. axb3 dxe4 12. dxe4 Be6 13. Nd4 Nbd7 14. Nxe6 fxe6 15. Bh3 Kf7 16. Be3 a6 17. Rad1 Rad8 18. Rfe1 Bb4 19. Bg2 e5 20. h3 Bc5 21. Bf1 Bxe3 22. Rxe3 Nc5 23. Rxd8 Rxd8 24. b4 Ne6 25. Rd3 Rd4 26. Rxd4 exd4 27. Na4 Nxe4 28. Bd3 Nd6 29. f4 Ke7 30. f5 Nc7 31. Nc5 Nd5 32. Ne6 Nxb4 33. Bb1 d3 34. Kf2 Nxf5 35. Nc5 d2 36. Ke2 Nxg3+ 37. Kxd2 b6 38. Nd3 Ne4+ 39. Ke3 Nxd3 40. Bxd3 Nc5 0-1

[Event "Le Port Marly Paribas blitz op"]
[Site "Le Port Marly"]
[Date "2013.06.15"]
[Round "4"]
[White "Dubocage, Claude"]
[Black "Leruste, Georges"]
[Result "0-1"]
[WhiteElo "2050"]
[BlackElo "2340"]
[PlyCount "52"]
[EventDate "2013.06.15"]
[EventType "swiss (blitz)"]
[EventRounds "15"]
[EventCountry "FRA"]
[SourceTitle "EXT 2014"]
[Source "ChessBase"]
[SourceDate "2013.11.20"]
[SourceVersion "1"]
[SourceVersionDate "2013.11.20"]
[SourceQuality "1"]

1. d4 Nf6 2. Bg5 d5 3. Bxf6 exf6 4. e3 c6 5. Nf3 Bd6 6. Bd3 g6 7. Nbd2 f5 8. Ne5 Nd7 9. f4 Qe7 10. Qe2 Nf6 11. c4 Be6 12. c5 Bc7 13. 0-0 0-0 14. b4 a6 15. a4 Nd7 16. b5 Nxe5 17. fxe5 axb5 18. axb5 cxb5 19. Bxb5 f6 20. exf6 Qxf6 21. Rfb1 f4 22. Nf3 Bg4 23. Rxa8 Rxa8 24. Rf1 Ra3 25. e4 Bxf3 26. Rxf3 Qxd4+ 0-1

[Event "Le Port Marly Paribas blitz op"]
[Site "Le Port Marly"]
[Date "2013.06.15"]
[Round "13"]
[White "Leruste, Georges"]
[Black "Ljubotina, Lazo"]
[Result "0-1"]
[WhiteElo "2340"]
[BlackElo "2070"]
[PlyCount "105"]
[EventDate "2013.06.15"]
[EventType "swiss (blitz)"]
[EventRounds "15"]
[EventCountry "FRA"]
[SourceTitle "EXT 2014"]
[Source "ChessBase"]
[SourceDate "2013.11.20"]
[SourceVersion "1"]
[SourceVersionDate "2013.11.20"]
[SourceQuality "1"]

1. Nf3 d5 2. g3 c5 3. Bg2 Nc6 4. d4 cxd4 5. Nxd4 e5 6. Nxc6 bxc6 7. c4 Be6 8. Nc3 Bb4 9. 0-0 Bxc3 10. bxc3 Ne7 11. cxd5 cxd5 12. Ba3 Rc8 13. Rc1 Qa5 14. Bb4 Qc7 15. Qd2 f6 16. Rfd1 Rd8 17. h4 Kf7 18. h5 g6 19. Bxe7 Qxe7 20. Qe3 Kg7 21. h6+ Kf7 22. Rb1 Rd7 23. Rb2 Rhd8 24. Rdb1 Bf5 25. Rd1 d4 26. cxd4 exd4 27. Qf4 Qe5 28. Qd2 Be6 29. Rdb1 Bd5 30. Bxd5+ Qxd5 31. Rb5 Qe4 32. Qd3 Qe6 33. a4 Re8 34. Rb7 Ree7 35. Rxd7 Rxd7 36. Rb4 Qd6 37. Qb3+ Ke7 38. Qg8 Qxb4 39. Qxh7+ Ke6 40. Qg8+ Kf5 41. h7 Rxh7 42. Qxh7 Qe1+ 43. Kg2 Qxe2 44. Qd7+ Ke4 45. Qe6+ Kd3 46. Qb3+ Kd2 47. Qb4+ Kd3 48. Qb3+ Ke4 49. Qe6+ Kd3 50. Qb3+ Kd2 51. Qb4+ Kc2 52. Qxd4 Qa6 53. Qxf6 0-1

[Event "Le Port Marly Paribas blitz op"]
[Site "Le Port Marly"]
[Date "2013.06.15"]
[Round "1"]
[White "Leruste, Georges"]
[Black "Nouhaud, Laurent"]
[Result "1-0"]
[WhiteElo "2340"]
[BlackElo "1810"]
[PlyCount "30"]
[EventDate "2013.06.15"]
[EventType "swiss (blitz)"]
[EventRounds "15"]
[EventCountry "FRA"]
[SourceTitle "EXT 2014"]
[Source "ChessBase"]
[SourceDate "2013.11.20"]
[SourceVersion "1"]
[SourceVersionDate "2013.11.20"]
[SourceQuality "1"]

1. Nf3 f5 2. d3 Nf6 3. e4 fxe4 4. dxe4 d6 5. e5 Ng4 6. Bc4 e6 7. exd6 cxd6 8. Qe2 d5 9. Bb5+ Nc6 10. 0-0 Be7 11. Nd4 0-0 12. Qxg4 Nxd4 13. Qxd4 a6 14. Bd3 Qc7 15. Nc3 Bc5 1-0

[Event "Le Port Marly Paribas blitz op"]
[Site "Le Port Marly"]
[Date "2013.06.15"]
[Round "8"]
[White "Sotelo, Renzo"]
[Black "Leruste, Georges"]
[Result "1-0"]
[WhiteElo "2230"]
[BlackElo "2340"]
[PlyCount "41"]
[EventDate "2013.06.15"]
[EventType "swiss (blitz)"]
[EventRounds "15"]
[EventCountry "FRA"]
[SourceTitle "EXT 2014"]
[Source "ChessBase"]
[SourceDate "2013.11.20"]
[SourceVersion "1"]
[SourceVersionDate "2013.11.20"]
[SourceQuality "1"]

1. e4 d5 2. exd5 Qxd5 3. Nc3 Qa5 4. Bc4 Nf6 5. Nge2 Bg4 6. d3 c6 7. 0-0 e6 8. Bf4 Nbd7 9. a3 Be7 10. Qd2 Qh5 11. Ng3 Qg6 12. d4 Bf5 13. Nxf5 Qxf5 14. Bd3 Qh5 15. Be2 Qg6 16. h3 Nd5 17. Nxd5 exd5 18. Rfe1 0-0 19. Bd3 Qf6 20. c3 Bd6 21. Bg5 1-0

[Event "Avoine op 27th"]
[Site "Avoine"]
[Date "2012.07.28"]
[Round "8"]
[White "Lombart, Philippe"]
[Black "Leruste, Georges"]
[Result "0-1"]
[WhiteElo "1938"]
[BlackElo "2161"]
[PlyCount "114"]
[EventDate "2012.07.21"]
[EventType "swiss"]
[EventRounds "9"]
[EventCountry "FRA"]
[SourceTitle "CBM 149 Extra"]
[Source "ChessBase"]
[SourceDate "2012.08.24"]
[SourceVersion "1"]
[SourceVersionDate "2012.08.24"]
[SourceQuality "1"]

1. d4 e6 2. c4 f5 3. e4 fxe4 4. Nc3 Nf6 5. Bg5 Bb4 6. f3 e3 7. Bd3 d5 8. Nge2 0-0 9. 0-0 c6 10. Bxe3 dxc4 11. Bxc4 Nd5 12. Nxd5 exd5 13. Bd3 Qe7 14. Bf2 Bf5 15. Ng3 Bxd3 16. Qxd3 Qf7 17. a3 Bd6 18. Rae1 Nd7 19. Re2 Rfe8 20. Rfe1 g6 21. Qb3 Rxe2 22. Rxe2 Nb6 23. Qe3 Nc4 24. Qg5 Re8 25. Rxe8+ Qxe8 26. Nh5 Be7 27. Qg4 Bd8 28. Nf4 Bf6 29. h4 Nxb2 30. h5 g5 31. h6 Nd1 32. Nh5 Bd8 33. Qc8 Qe7 34. Bg3 Nc3 35. Be5 Ne2+ 36. Kf2 Nf4 37. Nxf4 gxf4 38. Qg4+ Kf8 39. Qxf4+ Ke8 40. Qf5 Qh4+ 41. Ke2 Qxh6 42. Bf4 Qg6 43. Qe5+ Kf7 44. Qb8 Qxg2+ 45. Ke3 Qg1+ 46. Ke2 Qg2+ 47. Ke3 Qg1+ 48. Ke2 Qxd4 49. Qxb7+ Be7 50. Bd6 Qf6 51. Bc5 d4 52. Bxa7 Qe6+ 53. Kd1 d3 54. Qb2 Bxa3 55. Qh2 Qb3+ 56. Ke1 Qb1+ 57. Kf2 Qc2+ 0-1

[Event "Avoine op 27th"]
[Site "Avoine"]
[Date "2012.07.22"]
[Round "2"]
[White "Primel, Dominique"]
[Black "Leruste, Georges"]
[Result "0-1"]
[WhiteElo "1983"]
[BlackElo "2161"]
[PlyCount "54"]
[EventDate "2012.07.21"]
[EventType "swiss"]
[EventRounds "9"]
[EventCountry "FRA"]
[SourceTitle "CBM 149 Extra"]
[Source "ChessBase"]
[SourceDate "2012.08.24"]
[SourceVersion "1"]
[SourceVersionDate "2012.08.24"]
[SourceQuality "1"]

1. Nf3 f5 2. d3 Nc6 3. e4 e5 4. Nc3 Nf6 5. exf5 d5 6. d4 exd4 7. Nxd4 Nxd4 8. Qxd4 Bxf5 9. Bg5 c6 10. 0-0-0 Bd6 11. Bd3 Bxd3 12. Rxd3 0-0 13. Re1 Qd7 14. Qh4 h6 15. Bxh6 gxh6 16. Qxh6 Qg7 17. Qh3 Qg4 18. Re6 Bf4+ 19. Kb1 Qxh3 20. Rxh3 Rae8 21. Rxe8 Rxe8 22. a3 Re1+ 23. Ka2 Bd6 24. Rf3 Kg7 25. g3 d4 26. Nb1 Re2 27. Kb3 Ne4 0-1

[Event "Le Port Marly Paribas blitz op"]
[Site "Le Port Marly"]
[Date "2012.06.16"]
[Round "4.3"]
[White "Pavon Cardenas, Jesus Miguel"]
[Black "Leruste, Georges"]
[Result "0-1"]
[WhiteElo "2450"]
[BlackElo "2270"]
[PlyCount "92"]
[EventDate "2012.06.18"]
[EventType "swiss (blitz)"]
[EventRounds "13"]
[EventCountry "FRA"]
[SourceTitle "EXT 2014"]
[Source "ChessBase"]
[SourceDate "2013.11.20"]
[SourceVersion "1"]
[SourceVersionDate "2013.11.20"]
[SourceQuality "1"]

1. e4 e6 2. d3 d5 3. Nd2 Nf6 4. g3 dxe4 5. dxe4 b6 6. Bg2 Bb7 7. Qe2 Nc6 8. c3 e5 9. Ngf3 Be7 10. 0-0 0-0 11. Rd1 Qc8 12. Nf1 Re8 13. Bg5 Ba6 14. Qc2 Qe6 15. Ne3 Bd6 16. Nd5 Nd7 17. Bf1 Bxf1 18. Rxf1 Qg6 19. Rae1 Nc5 20. b4 Ne6 21. Bc1 Ne7 22. Bb2 Nxd5 23. exd5 Qxc2 24. Rb1 Qg6 25. dxe6 fxe6 26. Rbd1 e4 27. Nd4 e5 28. Ne2 Qh5 29. Rfe1 Rad8 30. h4 e3 31. fxe3 Bf8 32. Rxd8 Rxd8 33. Bc1 Qf3 34. c4 Bxb4 35. Rf1 Qxe2 36. Rf2 Qd1+ 37. Rf1 Qg4 38. Kg2 Rd1 39. Rf2 Qe4+ 40. Rf3 Rg1+ 41. Kf2 Rf1+ 42. Kxf1 Qxf3+ 43. Kg1 Be1 44. Bd2 Bxd2 45. Kh2 Bxe3 46. Kh3 Bf2 0-1